Corporate finance: theory and practice (Record no. 5421)

MARC details
005 - DATE AND TIME OF LATEST TRANSACTION
control field 20250626151714.0
020 ## - INTERNATIONAL STANDARD BOOK NUMBER
International Standard Book Number 0471283320
082 ## - DEWEY DECIMAL CLASSIFICATION NUMBER
Classification number 658.15 DAM
245 ## - TITLE STATEMENT
Title Corporate finance: theory and practice
250 ## - EDITION STATEMENT
Edition statement 2nd Ed.
260 ## - PUBLICATION, DISTRIBUTION, ETC.
Place of publication, distribution, etc. New York
Name of publisher, distributor, etc. John Wiley & Sons,Ltd,
Date of publication, distribution, etc. 2001
300 ## - PHYSICAL DESCRIPTION
Extent xxvi,982p.: ill. , tables
Other physical details Index
Dimensions 25cm.
942 ## - ADDED ENTRY ELEMENTS (KOHA)
Source of classification or shelving scheme Dewey Decimal Classification
Koha item type Books
Holdings
Date last seen Total checkouts Full call number Barcode Cost, replacement price Price effective from Koha item type Lost status Source of classification or shelving scheme Damaged status Not for loan Withdrawn status Home library Current library Shelving location Date acquired Source of acquisition Cost, normal purchase price
06/26/2025   658.15 DAM DOM0001425 150000.00 06/26/2025 Books   Dewey Decimal Classification       CBE Dodoma CBE Dodoma General Collection 01/07/1987 Library budget 50000.00